000 00657cam a2200145 4500500
005 20260111142255.0
041 _afre
042 _adc
100 1 0 _aMoureau, François
_eauthor
245 0 0 _aÉtienne Bréton, Pascal Zuber, assistés par Annie Yacob, Louis-Léopold Boilly 1761-1845. Le peintre de la société parisienne de Louis XVI à Louis-Philippe, préf. Jacques Foucart, Paris, Arthena, 2019, 2 vol., 1008 p.
260 _c2020.
500 _a14
786 0 _nDix-huitième siècle | 52 | 1 | 2020-10-01 | p. LXXX-LXXX | 0070-6760
856 4 1 _uhttps://shs.cairn.info/revue-dix-huitieme-siecle-2020-1-page-LXXX?lang=fr&redirect-ssocas=7080
999 _c1635849
_d1635849